| 000 | 00477nam a22001337a 4500 | ||
|---|---|---|---|
| 020 | _a9789077213766 | ||
| 040 | _cNUST | ||
| 082 | _a728 PAU | ||
| 100 |
_aPauwels,Win _988863 |
||
| 245 |
_aDesigner Houses: _bMaisons De Designer = Designerwoningen |
||
| 260 |
_aCHINA: _b Beta-Plus Publishing: _c2007. |
||
| 650 |
_aArchitect-designed houses -- Europe -- Pictorial works. Architecture, Domestic -- Europe -- Pictorial works. Architect-designed houses. _988864 |
||
| 942 |
_2ddc _cBK |
||
| 999 |
_c587807 _d587807 |
||